| Tag |
First Indicator |
Second Indicator |
Subfields |
| LEADER |
00000cam a2200000 a 4500 |
| 001 |
in00001495430 |
| 005 |
20151021075649.0 |
| 008 |
940128s1991 yu b 100 0 scco |
| 010 |
|
|
|a 94111049
|
| 020 |
|
|
|a 8670250594
|
| 035 |
|
|
|a (OCoLC)25566978
|
| 035 |
|
|
|9 AJH9908AM
|
| 040 |
|
|
|a DLC
|c DLC
|d TXA
|d UtOrBLW
|
| 041 |
0 |
|
|a scc
|b eng
|
| 043 |
|
|
|a e-yu---
|
| 049 |
|
|
|a TXAM
|
| 050 |
0 |
0 |
|a KKZ2069
|b 1988
|
| 245 |
0 |
0 |
|a Aktuelni problemi ustava i ustavnih promena :
|b zbornik radova s a naučnog skupa održanog 17. i 18. marta 1988. /
|c urednik Miodrag Jovičić.
|
| 264 |
|
1 |
|a Beograd :
|b Srpska akademija nauka i umetnosti,
|c 1991.
|
| 300 |
|
|
|a 489 pages ;
|c 22 cm.
|
| 336 |
|
|
|a text
|b txt
|2 rdacontent
|
| 337 |
|
|
|a unmediated
|b n
|2 rdamedia
|
| 338 |
|
|
|a volume
|b nc
|2 rdacarrier
|
| 490 |
1 |
|
|a Naučni skupovi / Srpska akademija nauka i umetnosti ;
|v knj. 57. Odeljenje društvenih nauka ; knj. 13
|
| 500 |
|
|
|a In Serbo-Croatian (Cyrillic).
|
| 500 |
|
|
|a Title on added title page: Problèmes actuels de la constitution et de la révision constitutionnelle.
|
| 500 |
|
|
|a Chapter summaries and table of contents in English.
|
| 504 |
|
|
|a Includes bibliographical references.
|
| 536 |
|
|
|a From the Estate of George and Mathilda Sabo by Dr. Joseph R. Corcoran & Irene Sabo Corcoran and Family. September 1998.
|
| 650 |
|
0 |
|a Constitutional law
|z Yugoslavia
|x Congresses.
|
| 700 |
1 |
|
|a Jovičić, Miodrag.
|
| 740 |
0 |
|
|a Problèmes actuels de la constitution et de la révision constitutionnelle.
|
| 830 |
|
0 |
|a Naučni skupovi (Srpska akademija nauka i umetnosti) ;
|v knj. 57.
|
| 830 |
|
0 |
|a Naučni skupovi (Srpska akademija nauka i umetnosti).
|p Odeljenje društvenih nauka (Series) ;
|v knj. 13.
|
| 948 |
|
|
|a c:tc
|
| 999 |
|
|
|a MARS
|
| 999 |
f |
f |
|s 48aa8cd3-f41d-3974-b3d4-92e7121b0912
|i d4e4773e-6b4a-3eab-abe1-2c8af112e0ba
|t 0
|
| 952 |
f |
f |
|p ric
|a Texas A&M University
|b Rellis Campus
|c Joint Library Facility
|d Remote Storage
|t 0
|e KKZ2069 1988
|h Library of Congress classification
|i unmediated -- volume
|m A14825112421
|
| 998 |
f |
f |
|a KKZ2069 1988
|t 0
|l Remote Storage
|